| 000 | 00673nam a22002057a 4500 | ||
|---|---|---|---|
| 003 | BUBTL | ||
| 008 | 240207b ||||| |||| 00| 0 eng d | ||
| 020 | _a9789848933510 | ||
| 041 | _aben | ||
| 082 | _a891.443/ Ah52d/ 1992 | ||
| 100 |
_91693 _aআহমেদ, হুমায়ূন |
||
| 245 |
_aদরজার ওপাশে / _cহুমায়ূন আহমেদ |
||
| 250 | _a1st ed. | ||
| 260 |
_aঢাকা : _bজ্ঞানকোষ প্রকাশনী, _cc1992 |
||
| 300 |
_a117 p. : _c22 cm. |
||
| 650 | 0 |
_91687 _aবাংলা সাহিত্য |
|
| 856 |
_k0 _l0 _yDownload |
||
| 942 |
_2ddc _cBK |
||
| 999 |
_c7205 _d7205 |
||